[Event "RUS-ch Men Rapid 2019"]
[Site "Sochi"]
[Date "2019.10.16"]
[Round "7.25"]
[White "Volovich, Vasily"]
[Black "Khegay, Dmitriy"]
[Result "0-1"]
[WhiteElo "2120"]
[BlackElo "2509"]
[Annotator "RC"]
[PlyCount "94"]
[EventDate "2019.10.15"]
[EventType "swiss"]
[EventCountry "RUS"]
[SourceTitle "playchess.com"]
[Source "ChessBase"]
[SourceQuality "1"]
[TimeControl "900+10"]

1. e4 {[%emt 0:00:00]} d6 {[%emt 0:00:00]} 2. d4 {[%emt 0:00:00]} Nf6 {[%emt 0:00:00]} 3. Nc3 {[%emt 0:00:00]} c6 {[%emt 0:00:00]} 4. a4 {[%emt 0:00:20]} Nbd7 {[%emt 0:00:09]} 5. Nf3 {[%emt 0:00:11]} e5 {[%emt 0:00:02]} 6. Be2 {[%emt 0:00:28]} Be7 {[%emt 0:00:02]} 7. O-O {[%emt 0:00:27]} O-O {[%emt 0:00:02]} 8. Re1 {[%emt 0:00:12]} b6 {[%emt 0:00:17]} 9. d5 {[%emt 0:01:19]} Bb7 {[%emt 0:00:12]} 10. dxc6 {[%emt 0:00:15]} Bxc6 {[%emt 0:00:01]} 11. Bb5 {[%emt 0:01:56]} Bb7 {[%emt 0:00:29]} 12. Bc4 {[%emt 0:01:35]} Rc8 {[%emt 0:00:30]} 13. Bd5 {[%emt 0:00:14]} Nxd5 {[%emt 0:00:21]} 14. Nxd5 {[%emt 0:00:11]} Bxd5 {[%emt 0:00:01]} 15. exd5 {[%emt 0:00:46]} f5 {[%emt 0:00:02]} 16. a5 {[%emt 0:00:49]} b5 {[%emt 0:00:09]} 17. a6 {[%emt 0:00:14]} Qc7 {[%emt 0:01:17]} 18. c3 {[%emt 0:00:12]} Nb6 {[%emt 0:00:02]} 19. Qb3 {[%emt 0:02:08]} Qc4 {[%emt 0:01:03]} 20. Qxc4 {[%emt 0:00:09]} Nxc4 {[%emt 0:00:21]} 21. Nd4 {[%emt 0:01:13]} exd4 {[%emt 0:00:13]} 22. Rxe7 {[%emt 0:00:03]} Rf7 {[%emt 0:00:08]} 23. Rxf7 {[%emt 0:00:31]} Kxf7 {[%emt 0:00:02]} 24. cxd4 {[%emt 0:00:17]} Nb6 {[%emt 0:00:03]} 25. Bf4 {[%emt 0:00:21]} Rd8 {[%emt 0:00:21]} 26. Rc1 {[%emt 0:03:08]} Nxd5 {[%emt 0:00:03]} 27. Bd2 {[%emt 0:00:12]} Ke6 {[%emt 0:00:09]} 28. Kf1 {[%emt 0:01:11]} Kd7 {[%emt 0:00:03]} 29. Ke2 {[%emt 0:00:12]} Rc8 {[%emt 0:00:35]} 30. Ra1 {[%emt 0:00:07]} Rc2 {[%emt 0:00:18]} 31. Rb1 {[%emt 0:00:46]} Rc6 {[%emt 0:00:07]} 32. Ra1 {[%emt 0:00:06]} Nc7 {[%emt 0:00:12]} 33. Kf3 {[%emt 0:00:28]} Rxa6 {[%emt 0:00:32]} 34. Rxa6 {[%emt 0:00:03]} Nxa6 {[%emt 0:00:01]} 35. Kf4 {[%emt 0:00:21]} Ke6 {[%emt 0:00:21]} 36. d5+ {[%emt 0:00:01]} Kxd5 {[%emt 0:00:31]} 37. Kxf5 {[%emt 0:00:01]} Nc5 {[%emt 0:00:01]} 38. Bc3 {[%emt 0:00:06]} g6+ {[%emt 0:00:02]} 39. Kf4 {[%emt 0:00:25]} b4 {[%emt 0:00:03]} 40. Bh8 {[%emt 0:00:09]} a5 {[%emt 0:00:03]} 41. Kg5 {[%emt 0:00:04]} Ne6+ {[%emt 0:00:47]} 42. Kh6 {[%emt 0:00:04]} Nd4 {[%emt 0:00:02]} 43. Bf6 {[%emt 0:00:29]} a4 {[%emt 0:00:15]} 44. Bg5 {[%emt 0:00:03]} b3 {[%emt 0:00:24]} 45. Bc1 {[%emt 0:00:06]} Ne2 {[%emt 0:00:02]} 46. Kxh7 {[%emt 0:00:10]} Nxc1 {[%emt 0:00:02]} 47. Kxg6 {[%emt 0:00:03]} a3 {[%emt 0:00:01]} 0-1

[Event "RUS-ch Men Rapid 2019"]
[Site "Sochi"]
[Date "2019.10.16"]
[Round "7.26"]
[White "Chizhikov, Vladislav"]
[Black "Faizrakhmanov, Ramil"]
[Result "0-1"]
[WhiteElo "2273"]
[BlackElo "2434"]
[Annotator "TA"]
[PlyCount "56"]
[EventDate "2019.10.15"]
[EventType "swiss"]
[EventCountry "RUS"]
[SourceTitle "playchess.com"]
[Source "ChessBase"]
[SourceQuality "1"]

{[%evp 23,114,-67,58,70,93,78,112,65,79,-11,-13,-113,-120,-96,-101,-133,-129,-128,-125,-129,-119,-117,-116,-148,-148,-157,-145,-194,-182,-197,-197,-188,-118,-119,-127,-119,-119,-122,-120,-116,-115,-143,-137,-157,-159,-156,-143,-140,-130,-189,-194,-711,-710,-637,-555,-547,-532,-616,-597,-833,-817,-797,-434,-432,-400,-418,-413,-501,-501,-501,-375,-339,-333,-414,-412,-493,-484,-510,-506,-503,-484,-670,-654,-681,-649,-894,-884,-29990,-29991,-29998,-12845,-29989,-29990]} 1. e4 c6 2. d4 d5 3. Nc3 dxe4 4. Nxe4 Bf5 5. Ng3 Bg6 6. h4 h6 7. N1e2 e6 8. Nf4 Bh7 9. Bd3 Bxd3 10. Qxd3 Nf6 11. Bd2 Nbd7 12. Ng6 Rg8 (12... fxg6 $15 13. Qxg6+ Ke7 14. Bb4+ c5 $1 {[%mdl 512]} 15. dxc5 Qc7 16. c6+ Kd8 17. Bxf8 Nxf8 18. cxb7 Qxb7 19. O-O-O+ Kc8) 13. Nxf8 $14 {B19: Classical Caro-Kann: 4...Bf5 main line} Rxf8 14. O-O-O Qb6 $146 ({Predecessor:} 14... Qc7 15. Qa3 a5 16. Rhe1 Kd8 17. Ne4 Nxe4 18. Rxe4 Re8 19. Rg4 g6 20. Bxh6 Kc8 21. Bf4 Qd8 22. Rg5 b5 23. Qd6 Kb7 24. d5 exd5 25. Rgxd5 cxd5 26. Qxd5+ Ka7 27. Qxb5 {1-0 (27) Garma,C (2400)-Lavega,C Greenhills 1996}) 15. c4 {White is better.} O-O-O 16. Bc3 (16. Kb1 $16) 16... Qa6 $1 $11 {[%cal Ra6a2]} 17. Qe2 (17. Bb4 $11 {keeps the balance.}) 17... Qxa2 $17 18. Kc2 {Strongly threatening Ra1.} Nb6 $1 19. Ra1 Qxc4 20. Qxc4 Nxc4 21. Rxa7 Kc7 22. Rha1 Rd5 23. b3 Nd6 24. Ba5+ Kd7 25. Bb6 Rb8 26. Ra8 Rxa8 27. Rxa8 {[#]} Rb5 ({Better is} 27... Ng4 $1 $19 28. Ne2 Rf5) 28. Bc5 Nfe4 {Played: Nd6-e4} 0-1

[Event "RUS-ch Men Rapid 2019"]
[Site "Sochi"]
[Date "2019.10.16"]
[Round "7.27"]
[White "Nazaretyan, Tigran"]
[Black "Gubsky, Egor"]
[Result "1-0"]
[WhiteElo "2297"]
[BlackElo "2339"]
[Annotator "TA"]
[PlyCount "75"]
[EventDate "2019.10.15"]
[EventType "swiss"]
[EventCountry "RUS"]
[SourceTitle "playchess.com"]
[Source "ChessBase"]
[SourceQuality "1"]

{[%evp 9,75,28,37,29,29,16,70,66,75,22,49,20,17,15,12,4,6,10,29,37,62,62,79,56,81,70,111,78,128,133,137,121,149,149,153,102,99,98,164,153,217,197,608,614,606,600,812,688,673,540,536,527,519,523,663,593,597,518,521,481,608,538,1020,987,1088,1094,1051,1022]} 1. d4 Nf6 2. c4 e6 3. Nf3 a6 4. Bg5 c5 5. e3 (5. Nc3 cxd4 6. Nxd4 Nc6 7. e3 h6 8. Bh4 Qb6 9. Qd2 Be7 10. Be2 O-O 11. O-O Rd8 12. Rfd1 d6 13. Nb3 a5 14. Rac1 a4 {½-½ (150) Stupak,K (2583)-Vitiugov,N (2726) Batumi 2018}) 5... Be7 6. Nc3 {E10: Blumenfeld Gambit} O-O 7. Be2 $146 ({Predecessor:} 7. Bd3 d6 8. O-O Nbd7 9. Qe2 b6 10. Rad1 Bb7 11. Rfe1 Re8 12. Bb1 Qc7 13. dxc5 Qxc5 14. e4 Rac8 15. Bd3 Qc7 16. h3 Nc5 17. Bb1 Ncd7 18. Bd3 Nc5 {½-½ (18) Giessmann,S (2252)-Bader,D (2066) Fuerth 2016}) 7... Qc7 (7... b6 $11) 8. O-O {White is slightly better.} d6 9. a3 (9. dxc5 $16 Qxc5 10. Ne4 Nxe4 11. Bxe7) 9... Nbd7 10. b4 b6 11. Rb1 Bb7 12. Qd2 Rac8 13. bxc5 bxc5 14. d5 exd5 15. cxd5 Rfe8 16. Rb2 Ra8 17. Rfb1 Ra7 18. h3 Nf8 19. Bf4 Ng6 20. Bh2 Bc8 21. Qc2 Nd7 22. Qa4 (22. Ne4 $142) 22... Bf6 $16 23. Rb3 c4 (23... Bxc3 $16 24. Rxc3 Nf6) 24. Bxc4 $18 Re7 (24... Kf8 $16 {was necessary.}) 25. Qc6 Nc5 $2 {[#]} (25... Be5 26. Be2 Bxh2+ 27. Kxh2 Re8) 26. Rb8 {White is clearly winning.} Qxc6 27. dxc6 Rec7 28. Nd5 Rxc6 {Now ...Nd7 and Black clings on.} 29. Nxf6+ gxf6 30. Nd4 Rcc7 {intending ...Nd7.} 31. Bxd6 Kg7 32. Bxc7 Rxc7 33. Bd5 Ne7 34. Bf3 Nd3 35. Bg4 Ne5 36. Bxc8 {[%mdl 64] [#] Overworked Piece} Nxc8 37. Nf5+ Kf8 38. Nd6 {Accuracy: White = 55%, Black = 30%.} 1-0

[Event "RUS-ch Men Rapid 2019"]
[Site "Sochi"]
[Date "2019.10.16"]
[Round "7.28"]
[White "Gimadutdinov, Ilnur"]
[Black "Bryakin, Mikhail"]
[Result "0-1"]
[WhiteElo "2146"]
[BlackElo "2440"]
[Annotator "TA"]
[PlyCount "146"]
[EventDate "2019.10.15"]
[EventType "swiss"]
[EventCountry "RUS"]
[SourceTitle "playchess.com"]
[Source "ChessBase"]
[SourceQuality "1"]

{[%evp 18,146,-21,-18,11,-47,-39,-39,-30,-47,0,0,0,0,26,18,20,20,28,38,50,44,29,6,17,-9,45,-12,-17,-40,0,-26,-35,-50,-44,-56,-60,-63,-41,-52,-50,-53,-47,-174,-52,-109,-127,-326,-326,-297,-317,-377,-377,-362,-300,-298,-287,-272,-290,-326,-286,-368,-300,-284,-287,-373,-373,-350,-352,-418,-401,-562,-560,-600,-570,-567,-561,-561,-514,-497,-322,-322,-316,-315,-315,-315,-225,-535,-535,-526,-522,-498,-491,-433,-432,-591,-574,-550,-549,-1097,-1077,-561,-410,-430,-377,-364,-320,-768,-620,-2085,-2366,-2180,-1718,-1646,-1242,-1779,-1243,-29958,-29962,-12359,-6093,-5202,-5784,-29973,-5636,-29982,-29983,-29982,-29984,-29984,-29985]} 1. e4 c6 2. d4 d5 3. exd5 cxd5 4. c4 Nf6 5. Nc3 g6 6. Nf3 Bg7 7. Bg5 Nc6 8. Be2 O-O 9. O-O dxc4 10. Bxc4 b6 $146 {D94: Grünfeld: 4 Nf3 Bg7 5 e3} ({Predecessor:} 10... Bg4 11. d5 Bxf3 12. Qxf3 Nd4 13. Qd1 Nf5 14. Re1 a6 15. Bb3 Re8 16. h3 Qa5 17. g4 Nd6 18. Qf3 Qb4 19. Re2 a5 20. Bd2 {0-1 (49) Halkias,S (2546)-Kempinski,R (2576) Linares 2002}) 11. Bxf6 (11. Qd2 $11) 11... Bxf6 $15 12. Bd5 Bb7 {Black is slightly better.} 13. Ne5 Na5 14. Bxb7 Nxb7 15. Re1 Bxe5 16. Rxe5 Nd6 17. Qe2 Re8 18. Re1 {[%cal Re5e7]} Nf5 19. d5 Qd7 20. Qg4 Rad8 (20... Rac8 {seems wilder.} 21. h3 Rc7 22. Qf3 Nd6 23. b3 Rc5) 21. h4 (21. h3 {feels hotter.} Kf8 22. Qf4 Rc8 23. Qf3 Nd6 24. b3) 21... Ng7 (21... h5 $11 22. Qg5 Kg7) 22. Qxd7 (22. Qe2 $14) 22... Rxd7 $11 23. g4 h6 24. Kg2 Kf8 25. a4 Rc8 26. f3 Ne8 27. Kg3 Nf6 28. g5 hxg5 29. hxg5 Nh5+ 30. Kg4 (30. Kh4 $15) 30... Rc5 ({Black should play} 30... Rc4+ $19 31. R5e4 f5+ {[%mdl 64] Double Attack, Pin} 32. gxf6 Nxf6+ {[%mdl 64] Double Attack, Pin} 33. Kf4 Nxe4 34. fxe4 Rb4) 31. f4 (31. Rd1 $15) 31... Rc4 $17 32. R1e4 $2 (32. Rf1 $17 {keeps fighting.}) 32... f5+ $19 33. gxf6 Nxf6+ {[%mdl 64] [#] Double Attack} 34. Kg5 Nxe4+ 35. Nxe4 {[%mdl 4096] Endgame KRR-KRN} Kg7 ({Not} 35... Rxa4 36. Kxg6 Ra1 37. b3 $19) 36. Nc3 Kf7 37. f5 gxf5 38. Kxf5 Rh4 39. Ne4 Rh5+ 40. Ng5+ Ke8 41. Kg6 Rh2 42. Ne6 {intending Rf5.} Rg2+ ({Inferior is} 42... Rxb2 43. Rf5 $11) 43. Kf5 Rxb2 44. Nf4 (44. Kf4 $142) 44... Rd6 45. Re1 Ra2 46. Re4 Kd7 47. Rc4 Rf6+ 48. Ke5 Rf2 49. Ne6 Re2+ 50. Kd4 {If White can now play Rc7+ this consolidates a bit.} Rexe6 51. dxe6+ Rxe6 {KR-KR} 52. a5 $2 (52. Rb4) 52... bxa5 53. Ra4 Ra6 54. Kc5 Rh6 {[#] And now ...Rh5+ would win.} 55. Rd4+ Kc7 56. Re4 Rh5+ 57. Kc4 Kd6 58. Rd4+ Kc6 59. Re4 e5 60. Rg4 {Now Rg6+ and White clings on.} Rh6 61. Re4 Kd6 62. Re1 $2 (62. Kb3) 62... Rh4+ 63. Kb5 a4 64. Rd1+ Rd4 65. Rh1 Kd5 66. Rh7 Ke4 67. Kc5 Kd3 68. Rh3+ Kd2 69. Rh2+ Kc3 70. Re2 a3 {[%cal Ba4a3,Ba3a2][%mdl 32]} 71. Rxe5 a2 {Black mates.} 72. Re3+ Rd3 73. Re1 Rd2 {Accuracy: White = 28%, Black = 65%.} 0-1

[Event "RUS-ch Men Rapid 2019"]
[Site "Sochi"]
[Date "2019.10.16"]
[Round "7.29"]
[White "Savitskiy, Sergey"]
[Black "Tenikashvili, Georgij"]
[Result "1-0"]
[WhiteElo "2407"]
[BlackElo "2337"]
[Annotator "TA"]
[PlyCount "83"]
[EventDate "2019.10.15"]
[EventType "swiss"]
[EventCountry "RUS"]
[SourceTitle "playchess.com"]
[Source "ChessBase"]
[SourceQuality "1"]

{[%evp 19,121,0,0,0,0,-23,-4,-7,-2,-86,-84,-77,-84,-79,-77,-92,83,83,87,88,80,89,89,90,150,158,171,168,160,159,226,229,365,372,384,360,354,58,510,444,647,466,423,285,279,277,274,266,309,291,339,329,311,297,358,341,355,362,343,241,281,40,18,8,287,169,118,20,20,20,645,20,4947,5122,5553,5501,5057,1897,29972,29972,29968,29968,29976,29977,29977,29978,29978,29979,29979,29978,29980,29979,29980,29981,29983,29984,29987,29988,29988,29987,29987,29988,29990,5202]} 1. e4 c6 2. d4 d5 3. Nc3 dxe4 4. Nxe4 Bf5 5. Ng3 Bg6 6. Bc4 e6 7. N1e2 Bd6 8. h4 h6 9. Nf4 Bxf4 10. Bxf4 Nf6 11. h5 {B18: Classical Caro-Kann: 4...Bf5 sidelines} (11. Qe2 O-O 12. O-O-O Nbd7 13. Bd3 Bxd3 14. Rxd3 Qa5 15. Kb1 Rfe8 16. Re1 {½-½ (16) Rublevsky,S (2702)-Riazantsev,A (2646) St Petersburg 2015}) 11... Bh7 $1 12. Qe2 Qxd4 13. Be5 {The position is equal.} Qc5 14. O-O-O (14. Rd1 $1 $11 {remains equal.} Nbd7 15. Bd6) 14... Nbd7 $17 15. Bd6 Qg5+ 16. Kb1 O-O-O {[#]} 17. Qe1 $146 ({Predecessor:} 17. Qf3 Ne5 18. Qc3 Nxc4 19. Qxc4 {½-½ (28) Movsesian,S (2595)-Schlosser,P (2515) Germany 1998}) 17... Nd5 $2 (17... Ne8 $1 $17 {[%cal Re8d6] keeps the pressure on.} 18. Ba3 Nb6 19. Rxd8+ Qxd8) 18. Bxd5 $1 $16 exd5 19. Be7 $40 {[%mdl 128] White has strong attack.} Qe5 20. Bxd8 Rxd8 21. Qa5 Nb6 ({Black should try} 21... a6) 22. Qxa7 Kc7 23. Rhe1 Qf6 {aiming for ...Ra8.} 24. Qa3 Qxf2 (24... Rd6 $16 25. Qb4 Re6) 25. Re2 $18 Qf6 (25... Qf4 $142 26. Rf1 Qg4 27. Rxf7+ Rd7) 26. Rf1 $1 {[%cal Rf1f6]} Qg5 27. Rxf7+ Rd7 28. Ree7 $2 (28. Qf3 $18) 28... Qg4 $2 {[%mdl 8192]} (28... Qd2 $14 29. Rf1 Bxc2+ 30. Ka1 Bd3) 29. Qf3 Qd4 (29... Qg5 $142) 30. Rxd7+ Nxd7 31. Qf4+ Qxf4 32. Rxf4 {[%mdl 4096] Endgame KRN-KBN} Nf6 33. a4 c5 34. Kc1 Kd6 35. Rf3 c4 36. b4 d4 37. Nf5+ Ke5 38. Nxg7 Be4 39. Rf1 Nd5 40. b5 $2 (40. Rf7 $18) 40... Bxc2 $1 $14 {White must now prevent ...d3.} 41. a5 {b6 is the strong threat.} Ne3 $2 {[%mdl 8192]} (41... Nb4 $11 {and Black has nothing to worry.} 42. a6 bxa6 43. bxa6 Be4) 42. Rf8 {Played: Rf1-e1} 1-0

[Event "RUS-ch Men Rapid 2019"]
[Site "Sochi"]
[Date "2019.10.16"]
[Round "7.30"]
[White "Ivlev, Aleksey"]
[Black "Pervakov, Sergey"]
[Result "1-0"]
[WhiteElo "2292"]
[BlackElo "2093"]
[Annotator "TA"]
[PlyCount "127"]
[EventDate "2019.10.15"]
[EventType "swiss"]
[EventCountry "RUS"]
[SourceTitle "playchess.com"]
[Source "ChessBase"]
[SourceQuality "1"]

{[%evp 14,127,44,9,57,62,73,49,60,56,114,89,123,121,140,133,133,114,125,118,134,143,144,36,44,-4,85,75,106,87,143,142,122,97,94,82,96,45,56,37,43,-402,-412,-403,-391,-391,-338,-341,-304,-304,-305,-305,-305,-437,-384,-526,-259,-387,-83,-83,-69,-121,0,0,168,167,166,0,0,0,0,-193,-204,-216,-180,-180,-189,-201,-118,-118,-54,-292,-196,-189,-162,-362,-58,-58,0,0,0,0,0,0,0,0,1010,0,0,0,679,636,5239,8597,29964,29968,6968,1617,29985,29986,29986,29985,29985,29986,29986,29987]} 1. d4 g6 2. c4 Bg7 3. Nc3 d6 4. e4 e5 5. d5 Nf6 6. Be2 O-O 7. Nf3 Na6 8. Bg5 Qe8 {E92: King's Indian: Classical: 6 Be2 e5: 7 dxe5, 7 Be3 and Petrosian System without 7...Nbd7} (8... h6 $5 {[%cal Rh6g5]} 9. Be3 Nc5 $11) (8... h6 9. Bh4 g5 10. Bg3 Nh5 11. h4 Nxg3 12. fxg3 gxh4 13. Nxh4 Qg5 14. g4 Bf6 15. Qd2 Kg7 16. Bf3 Qxd2+ 17. Kxd2 Bg5+ 18. Ke2 Nb4 19. Rad1 a5 20. Nb5 {0-1 (46) Bocharov,I (2559)-Kokarev,D (2609) Yaroslavl 2019}) 9. Nd2 Bd7 10. O-O h6 {White is slightly better.} 11. Be3 Nh7 (11... Nc5 $14) 12. a3 f5 13. f3 $1 f4 14. Bf2 Rf7 $146 ({Predecessor:} 14... g5 15. b4 c5 16. dxc6 bxc6 {1-0 (56) Anino,S (2150)-Koch,J (2021) Villa Martelli 2017}) 15. b4 Bf8 16. Nb3 g5 17. c5 Bc8 18. cxd6 (18. Rc1 $16) 18... cxd6 $14 19. Nb5 b6 (19... Rg7 $11 {remains equal.}) 20. Rc1 $16 h5 21. Rc6 Qd8 (21... Qd7 $142) 22. Qc2 Bb7 23. Rc3 Rg7 24. Rc1 g4 25. Kh1 (25. Nd2 $16) 25... Qg5 26. Nd2 g3 27. Bg1 $2 {[%mdl 8192]} (27. Be1 $1 $14 {is the one way to stay ahead.}) 27... gxh2 $19 {[%csl Gg7][%cal Rg5g2]} 28. Bf1 hxg1=Q+ 29. Kxg1 Qg3 30. Nc4 Rg6 31. Qf2 h4 32. Qxg3 hxg3 33. Rb1 (33. Bd3 {was necessary.}) 33... Ng5 34. a4 Nf7 (34... Be7 $142 35. Nd2 Kf7) 35. a5 (35. Nca3 $142) 35... bxa5 $2 (35... Kg7 $19 {has better winning chances.} 36. Nca3 Be7) 36. Nxa5 $17 Bc8 37. Nc6 (37. Rbc1 $15 Bd7 38. Nc7 Nxc7 39. Rxc7) 37... Bd7 (37... Rh6 $17 38. Ra3 Rh7) 38. Nbxa7 $11 Nb8 $2 (38... Nc5 $11 {and Black has nothing to worry.}) 39. b5 $1 $18 {[%cal Rb5b6]} Nxc6 40. Nxc6 $2 (40. dxc6 $18 Nd8 41. b6 Bxc6 42. Nxc6) 40... Nd8 41. b6 Nb7 42. Na7 $2 {[#]} (42. Rcc1 $1 $11) 42... Nc5 $1 $19 43. Nc6 {Hoping for Rxc5!} Bc8 44. Rcc1 Rg7 45. Ra1 {[#]} Rxa1 (45... Na4 $1 $19 46. Rcb1 Bb7) 46. Rxa1 $17 Rb7 (46... Bb7 $17 47. Na5 Kh7) 47. Rb1 $2 ({Avoid the trap} 47. Ra8 $2 Bd7 $19) ({Only move:} 47. Ba6 $1 $15 Nxa6 48. Rxa6) 47... Bd7 48. Na5 Rb8 49. b7 $2 (49. Nc6 {only move.} Rc8 50. b7 Nxb7 51. Ba6) 49... Be7 $2 (49... Bh6 $19 {Threatens to win with ...Bg5.} 50. Bb5 Bxb5 51. Rxb5 Kf8) 50. Nc6 $15 Bxc6 ({Black should play} 50... Rxb7 $15 51. Rxb7 Nxb7 52. Nxe7+ Kf7) 51. dxc6 $11 Bd8 52. Bc4+ Kf8 53. Kf1 Ke7 54. Ke2 Ne6 $2 {[%mdl 8192]} (54... d5 $11 55. exd5 Bc7) 55. Bd5 $2 ({White must play} 55. Bxe6 $1 $18 Kxe6 56. Rh1) 55... Nd4+ $1 56. Kd3 {Strongly threatening Rh1.} Bc7 $2 {[%mdl 8192]} (56... Kf8 $11) 57. Rh1 $18 {And now Rh7+ would win.} Ba5 58. Rh7+ Kd8 59. Kc4 Bb6 60. Kb4 Nxf3 61. Kb5 {White mates.} Bc7 62. Rd7+ Ke8 63. Rxc7 Nd4+ 64. Kb6 {Accuracy: White = 50%, Black = 43%.} 1-0

[Event "RUS-ch Men Rapid 2019"]
[Site "Sochi"]
[Date "2019.10.16"]
[Round "7.31"]
[White "Gabitov, Ruslan"]
[Black "Sadovsky, Artem"]
[Result "0-1"]
[WhiteElo "2172"]
[BlackElo "2411"]
[Annotator "TA"]
[PlyCount "188"]
[EventDate "2019.10.15"]
[EventType "swiss"]
[EventCountry "RUS"]
[SourceTitle "playchess.com"]
[Source "ChessBase"]
[SourceQuality "1"]

{[%evp 9,188,44,63,14,34,-5,25,0,0,-2,-8,-7,0,0,0,-70,0,0,0,0,0,-6,0,-33,-31,-60,-9,-20,0,0,0,-2,0,-46,-54,-46,-44,-72,-72,-70,-78,-67,-81,-78,-78,-99,-54,-68,-46,-71,0,-160,-6,-8,0,-91,-96,-160,-161,-169,-25,-109,-114,-119,-101,-122,29972,-40,-40,-40,-40,-40,-40,-87,-89,-106,0,0,0,0,0,0,0,0,0,0,0,0,0,0,0,0,0,0,0,0,0,0,0,0,0,0,0,0,0,0,0,0,0,0,0,-89,-89,-89,0,-89,-89,-96,-89,-205,-38,-190,0,-120,-40,-40,0,0,0,0,0,0,0,0,0,0,0,0,0,0,0,0,0,0,0,0,0,0,0,0,0,0,0,0,0,0,0,-29979,-29980,-29980,-29981,-29981,-29982,-29982,-29983,-29983,-5650,-29984,-5336,-29979,-29975,-29982,-6215,-29960,-29947,-29986,-29987,-29988,-29989,-29989,-29990]} 1. e4 g6 2. d4 Bg7 3. c4 d6 4. Nc3 e5 5. d5 f5 6. f3 {A42: Modern Defence: Averbakh Variation} (6. exf5 gxf5 7. Qh5+ Kf8 8. f4 Nf6 9. Qe2 e4 10. Be3 Ng4 11. O-O-O Nxe3 12. Qxe3 Qf6 13. Nge2 Na6 14. Nd4 h5 15. Be2 Bd7 {1-0 (38) Salem,A (2581)-Karjakin,S (2771) Dubai 2014}) 6... Nf6 7. Bd3 O-O 8. Be3 {White has an edge.} fxe4 9. Nxe4 Nxe4 10. Bxe4 Bf5 $146 ({Predecessor:} 10... Bh6 11. Qd2 Bxe3 12. Qxe3 Na6 13. Ne2 Bf5 {½-½ (37) Combie,A-Kovalevskaya,S (2015) Millfield 2003}) 11. Qc2 Bh6 12. Bxf5 (12. Bxh6 $11 Qh4+ {[%mdl 64] Double Attack} 13. Qf2 Qxh6 14. Bxf5 Rxf5 15. Ne2) 12... gxf5 (12... Bxe3 $15 13. Be6+ Kh8) 13. Bxh6 $11 Qh4+ {[%mdl 64] Double Attack} 14. Qf2 Qxh6 15. Ne2 Nd7 16. Nc3 Rf7 17. g3 {[#]} a5 (17... e4 $1 $15 {[%mdl 512]} 18. O-O (18. fxe4 fxe4) 18... e3) 18. Qd2 Qg6 19. O-O-O Nc5 20. Qc2 Kh8 21. Na4 Nxa4 22. Qxa4 f4 23. Qb3 fxg3 24. hxg3 Raf8 25. f4 exf4 26. gxf4 Rxf4 27. Rhg1 Qf6 28. Kb1 b6 $1 29. a3 Rf2 (29... Rf3 $1 $17 {[%cal Rf3b3]} 30. Qb5 Qf5+ 31. Ka2 Qc2) 30. Rh1 $2 (30. Rde1 $11) 30... Qf3 $2 (30... Re8 $1 $17 {[%cal Re8e2]} 31. Rde1 Rxe1+ 32. Rxe1 Rf1 33. Rxf1 Qxf1+ 34. Ka2 h5 35. Qc3+ Kg8) 31. Qb5 $1 Qe4+ 32. Ka1 (32. Ka2 $1 $11) 32... Qe8 $17 33. Qb3 (33. Qa6 $142) 33... R8f3 34. Rd3 Qf7 (34... Rf1+ $19 35. Rxf1 Rxf1+ 36. Rd1 Qe2 37. Qc3+ Kg8 38. Rxf1 Qxf1+ 39. Ka2 Qf4) 35. Qc3+ (35. Rh3 $11 Rxd3 36. Qxd3) 35... Qf6 36. Rxf3 Rxf3 {[%mdl 4096] Endgame KQR-KQR} 37. Qc2 {[%csl Gh1][%cal Rc2h7]} Rxa3+ (37... Rf1+ $1 $17 38. Rxf1 Qxf1+ 39. Ka2 Qf3) 38. Kb1 $15 {[%csl Gh1][%cal Rc2h7] [#]} Rh3 $1 {[%cal Rh3h1][%mdl 576] Deflection, Decoy} 39. Rxh3 {[%csl Gh3][%cal Rc2h7]} Qf1+ {[%mdl 64] Double Attack} 40. Ka2 {[%csl Gh3][%cal Rc2h7]} Qxh3 {KQ-KQ} 41. Qe4 Qd7 $1 42. Qf4 {[%cal Rf4f8]} Qg7 (42... Qa4+ $1 $17 43. Kb1 Qe8) 43. Qf5 $11 Qe7 44. Qc8+ Kg7 45. Qg4+ Kh6 46. Qh3+ Kg6 47. Qg4+ Qg5 48. Qe6+ $1 Qf6 49. Qg4+ Kh6 50. Qh3+ Kg7 51. Qg4+ Qg6 52. Qd7+ Qf7 53. Qg4+ Kh8 54. Qc8+ Kg7 55. Qg4+ Kf6 56. Qh4+ $1 Ke5 57. Qg3+ Kd4 58. Qc3+ $1 Ke4 59. Qe1+ $1 Kd3 60. Qc3+ (60. Qg3+ $1 $11 {keeps the balance.} Kd2 61. Qh2+ Ke3 62. Qh3+ Qf3 63. Qxh7) 60... Ke2 $1 $17 61. Qc2+ Kf3 (61... Ke3 $17 62. Qc3+ Kf4 63. Qd2+ Kg3 64. Qe3+ Kh4 65. Qh6+ Kg4 66. Qe6+ Qf5) 62. Qd3+ (62. Qd1+ $1 $11 Ke3 63. Qe1+ Kd3 64. Qg3+ Ke2 65. Qh2+ Ke3 66. Qh3+ Kd4 67. Qc3+ Ke4 68. Qe1+ Kd3) 62... Kg4 {And now ...h5 would win.} 63. Qe2+ Qf3 64. Qe6+ (64. Qe7 $17 {only move.}) 64... Qf5 $2 ({Black should play} 64... Kg3 $19 {Hoping for ...a4.} 65. Qe1+ Qf2) 65. Qe2+ $1 $15 Kh4 $2 (65... Kg3 $1 $19 {Threatens to win with ...h5.} 66. Qe3+ Kg4) 66. Qe1+ {[#]} (66. Qe7+ $11 Kg3 67. Qxc7) 66... Kh5 ({Better is} 66... Kh3 $1 $17 {Strongly threatening ...h5.} 67. Qc3+ Kh2 68. Qd2+ Kg1 69. Qe1+ Kg2 70. Qe2+ Kg3 71. Qe3+ Kg2 72. Qe2+ Kg3 73. Qe3+ Kg4) 67. Qe7 b5 68. Qxc7 bxc4 69. Qxd6 Qc2 70. Qe5+ Kg4 71. Qd4+ Kf5 {...c3! is the strong threat.} 72. Ka1 Qd3 73. Qf2+ Ke5 74. Qe1+ Kxd5 75. Qxa5+ Ke4 76. Qa8+ Ke3 77. Qg2 Qe4 78. Qg3+ Kd2 {White must now prevent ...Qe1+.} 79. Qc3+ Kd1 80. Qh3 Qd3 81. Qh1+ Kc2 {( -> ...Qd1+)} 82. Qh2+ Kc1 {[%csl Gc1][%cal Rd3b1]} 83. Qh1+ $2 {[%mdl 8192] [#]} (83. Qf4+ $11 Kd1 84. Qh4) 83... Qd1 $1 84. Qh6+ Kc2+ 85. Ka2 Qb1+ {[%mdl 64] Double Attack} 86. Ka3 Qxb2+ 87. Ka4 Qb3+ 88. Ka5 Qd3 (88... c3 $142 89. Qh2+ Kb1 90. Qc7 Ka2 91. Qh2+ c2 92. Qg2 Qa3+ 93. Kb6 Qb2+ 94. Ka6 c1=Q 95. Qd5+ Qb3 96. Qxb3+ Kxb3 97. Kb7 Ka4 98. Kb6 Kb4 99. Ka7 Kb5 100. Ka8 Kb6 101. Kb8 Qc5 102. Ka8 Qf8#) 89. Ka4 Kb2 90. Qg7+ c3 (90... Qc3 $142 91. Qxh7 Qc2+ 92. Qxc2+ Kxc2 93. Kb4 Kd3 94. Kc5 c3 95. Kd6 c2 96. Ke6 Ke4 97. Kd7 c1=Q 98. Kd6 Qc4 99. Ke7 Qc6 100. Kf7 Kf5 101. Kg8 Kf6 102. Kh8 Qd7 103. Kg8 Qg7#) 91. Qb7+ Kc1 {Black mates.} 92. Ka3 c2+ 93. Ka2 Qc4+ 94. Ka3 Kd2 {Accuracy: White = 53%, Black = 43%.} 0-1